00826nam a22002417a 4500003000500000005001700005008004100022010000900063011000900072035000900081040000900090100003700099245017900136260004000315300001900355500001000374502007700384650002900461650002500490650002300515650001800538650002800556CHAP20220329133421.0971013s1991 r 00010 d a6132 a7104 a6327 cCHAP00aMoreno Pérez, Esau del Carmen. aRelación de fertilidad de polen y morfología de estigmas con la tolerancia a frío y la ubicación de las flores en la panícula de sorgo (Sorghum bicolor (L.) Moench) aChapingo, Méx. :bEl autor,c1991 a93 h.b: ilus. a61-23 aTesis (Ing. Agr. Esp. en Fitotecnia) -- UACH. Departamento de Fitotecnia14aFríoxEfecto en sorgo.14aPolenxMorfología.14aSorgoxHíbridos.14aSorgoxPolen.14aSorgozMéxico (Edo.).